Chabat ou Chabal? - Statistiques

Statistiques générales
  • Ce quiz a été pris 54 fois
  • Le résultat moyen est 9 sur 15
Statistiques - réponses
Question Réponse % Correct
Souffre aujourd'hui de graves pertes de mémoire Chabal
92%
A participé à une ou plusieurs campagnes publicitaires Les deux
88%
Est né avant 1960 Chabat
86%
Mesure plus d'1m80 Chabal
78%
Est de confession juive Chabat
74%
A tourné dans Astérix et Obélix : Mission Cléopâtre Chabat
72%
Est l'animateur d'une ou plusieurs émission télévisées Chabat
68%
Est ou a été l'ambassadeur d'une association Les deux
68%
A travaillé pour le groupe Canal Les deux
64%
A participé à Danse Avec Les Stars Aucun des deux
62%
Est né en France métropolitaine Chabal
46%
A une fille prénommée Lily-Rose Chabal
38%
Fait ou a fait partie des Enfoirés Les deux
34%
A tourné dans le film ''Les Seigneurs'' Chabal
28%
Débuta en tant qu'électricien Aucun des deux
18%
Aucun quiz correspondant
Distribution des résultats
% des personnes avec chaque résultat
Percentile par nombre de réponses
Votre historique - résultats
Vous n’avez pas pris ce quiz